000 01113cad a22002415a 4500
001 E148062
008 090720s2009 xxk 000 0 eng u
035 _a(Sirsi) u148062
041 0 _aeng
100 1 _aRussell-Croucher, Martin
245 0 0 _aAre you ready?
_h[electronic resource]
260 _c2009
490 4 _aThe Journal
_bRICS Building Surveying Journal
_vJuly/August 2009, 8-9(2)
520 _aDiscusses UK and EU energy initiatives such as EPCs, the Heat and Energy Saving Strategy and the Carbon Emissions Reduction Target, and discusses how these will affect members
590 _aKA
650 2 4 _aENERGY PERFORMANCE CERTIFICATES
650 2 4 _aCLIMATE CHANGE ACT 2008
651 4 _aUnited Kingdom
_y
690 _aENVIRONMENTAL AND LAND CONSULTANCY-ENERGY-ENERGY USE-ENERGY EFFICIENCY
856 4 1 _uhttps://www.rics.org/RICSWEB/getpage.aspx?p=vW18Yn30OU-8GBwsEgVPnA
_zView the article free of charge (member-only content) at www.rics.org...
856 4 8 _uhttps://www.rics.org/site/scripts/download_info.aspx?downloadID=2712
_zView the report free of charge at www.rics.org...
942 _n0
999 _c81712
_d81712